000 004390000a22001570004500
090 _aAR
_b01359
245 1 0 _aSome mammals from Central Peru
650 1 4 _aFauna
_992594
650 1 4 _aColecciones biológicas
_94146
650 1 4 _aMamíferos
_992510
651 4 _pPerú
_992749
041 0 _aInglés
100 1 _aThomas, Oldfield
_994621
942 _cARTICULO
773 1 _tProceedings of the Zoological Society of London
_3480
_q333-341
_d1893
999 _c10444
_d10444